Land governance in support of the Millennium Development Goals (Record no. 116209)
[ view plain ]
| 000 -LEADER | |
|---|---|
| fixed length control field | 01594cad a22002775a 4500 |
| 001 - CONTROL NUMBER | |
| control field | L160092 |
| 008 - FIXED-LENGTH DATA ELEMENTS--GENERAL INFORMATION | |
| fixed length control field | 120529s2010 xxk g 000 0 eng d |
| 035 ## - SYSTEM CONTROL NUMBER | |
| System control number | (Sirsi) u160092 |
| 041 0# - LANGUAGE CODE | |
| Language code of text/sound track or separate title | eng |
| 110 ## - MAIN ENTRY--CORPORATE NAME | |
| Corporate name or jurisdiction name as entry element | Federation International Des Geometres |
| 111 2# - MAIN ENTRY--MEETING NAME | |
| Meeting name or jurisdiction name as entry element | FIG Working Week 2010 |
| Number [OBSOLETE] | Sydney, Australia |
| Location of meeting | 11-16 April 2010 |
| 245 00 - TITLE STATEMENT | |
| Title | Land governance in support of the Millennium Development Goals |
| Medium | [electronic resource] |
| 260 ## - PUBLICATION, DISTRIBUTION, ETC. | |
| Place of publication, distribution, etc. | Sydney |
| Name of publisher, distributor, etc. | FIG |
| Date of publication, distribution, etc. | 2010 |
| 520 ## - SUMMARY, ETC. | |
| Summary, etc. | Reports about a joint FIG/World Bank conference on Land Governance in support of the Millennium Development Goals (MDG?s), held in Washington DC, USA, 9-10 March 2009. After an observation on how the concepts of 'land governance' and 'land professionals' developed within FIG, the dedication of FIG towards sustainable development and to the Millennium Development Goals is described as well as the policy of FIG to work in cooperation with the UN agencies such as UN-HABITAT, UN-FAO, and the World Bank. |
| 650 24 - SUBJECT ADDED ENTRY--TOPICAL TERM | |
| Topical term or geographic name entry element | LAND |
| 650 24 - SUBJECT ADDED ENTRY--TOPICAL TERM | |
| Topical term or geographic name entry element | LAND ADMINISTRATION |
| 650 24 - SUBJECT ADDED ENTRY--TOPICAL TERM | |
| Topical term or geographic name entry element | DEVELOPMENT POLICY |
| 651 #4 - SUBJECT ADDED ENTRY--GEOGRAPHIC NAME | |
| Geographic name | International |
| 690 ## - LOCAL SUBJECT ADDED ENTRY--TOPICAL TERM (OCLC, RLIN) | |
| Topical term or geographic name as entry element | Land use |
| 9 (RLIN) | 6251 |
| 700 1# - ADDED ENTRY--PERSONAL NAME | |
| Personal name | Enemark, Stig |
| 700 1# - ADDED ENTRY--PERSONAL NAME | |
| Personal name | McLaren, Robin |
| 700 ## - ADDED ENTRY--PERSONAL NAME | |
| Personal name | Van der Molen, Paul |
| 856 40 - ELECTRONIC LOCATION AND ACCESS | |
| Uniform Resource Identifier | <a href="https://www.rics.org/Global/Downloads/Land_Governance_in_Support_of_the_Millennium_Development_Goals_1_.pdf">https://www.rics.org/Global/Downloads/Land_Governance_in_Support_of_the_Millennium_Development_Goals_1_.pdf</a> |
| Public note | View the paper free of charge at www.rics.org |
| 856 40 - ELECTRONIC LOCATION AND ACCESS | |
| Uniform Resource Identifier | <a href="https://fig.net/resources/proceedings/fig_proceedings/fig2010/ppt/inv01/inv01_enemark_vandermolen_et_al_ppt_4662.pdf">https://fig.net/resources/proceedings/fig_proceedings/fig2010/ppt/inv01/inv01_enemark_vandermolen_et_al_ppt_4662.pdf</a> |
| Public note | View the presentation free of charge at www.fig.net |
| 942 ## - ADDED ENTRY ELEMENTS (KOHA) | |
| Suppress in OPAC | 0 |
| Withdrawn status | Lost status | Source of classification or shelving scheme | Damaged status | Not for loan | Home library | Current library | Shelving location | Date acquired | Total Checkouts | Full call number | Barcode | Date last seen | Copy number | Price effective from | Koha item type |
|---|---|---|---|---|---|---|---|---|---|---|---|---|---|---|---|
| Dewey Decimal Classification | Virtual | Virtual | Online | 23/05/2018 | ONLINE PUBLICATION | 160092-2001 | 06/08/2019 | 1 | 06/08/2019 | Book |